000 00762nam a22002297a 4500
999 _c10762
_d10762
003 AR-CdUCM
008 190401b ||||| |||| 00| 0 spa d
040 _aMUNICIPALIDAD PROVINCIAL DEL CUSCO
_cBIBLIOTECA MUNICIPAL DEL CUSCO
082 _a838.9
_bL96 / 1939.
100 _aLudwig, Emil
_911764
245 _aTres dictadores y... un cuarto /
260 _aBuenos Aire :
_bLosada S. A.,
_c1939.
300 _a230 paginas ;
_c20 cm.
505 _aContenido : Hitler -- Mussolini -- Stalin -- Un cuarto dictador.
650 _aComunismo
_9495
650 _aHistoria contemporanea
_91591
650 _aDictadores de Europa
_927778
650 _aAdolfo Hitler
_927779
700 _aAyala, Francisco (Traductor)
_927780
942 _2ddc
_cLIBROS
945 _awnts